000 01622nam0a2200337 4500
001 RU\NLR\bibl\1270653
005 20250615134036.0
010 _a978-5-8898-795-6
_9300
021 _aRU
_b2008-54404
_93012
035 _a(NLR Aleph) 001256527
090 _a352194
_c352194
100 _a20080909d2008 |||y0rusy50 ca
101 0 _arus
102 _aRU
105 _ay |||||||||
200 1 _aСоциология культуры и духовной жизни
_eучебное пособие
_fК.В. Воденко, В.К. Лапшин, Л.И. Щербакова
_gМ-во образования и науки Рос. Федерации, Федерал. агентство по образованию, Южно-Рос. гос. техн. ун-т (Новочеркас. политехн. ин-т)
210 _aНовочеркасск
_cЮРГТУ(НПИ)
_d2008
215 _a165 с.
_d21
320 _aБиблиогр. в конце гл. и в подстроч. прим.
606 1 _aОбщество
_jУчебные издания для высших учебных заведений
_xСоциокультурное развитие
_92143199
_3RU\NLR\auth\661291503
686 _aС550.2я73
700 1 _aВоденко
_bК. В.
_gКонстантин Викторович
_4070
701 1 _aЛапшин
_bВ. К.
_gВладимир Кузьмич
_4070
701 1 _aЩербакова
_bЛ. И.
_gЛидия Ильинична
_4070
801 0 _aRU
_bNLR
_c20080909
_gRCR
801 1 _aRU
_bNLR
_c20080909
830 _aавт. по кн.
942 _cBOOK
980 _aNB
980 _aNBR